LEADER 00754nam1-22002891i-450- 001 990000122660403321 035 $a000012266 035 $aFED01000012266 035 $a(Aleph)000012266FED01 035 $a000012266 100 $a20011111d--------km-y0itay50------ba 101 0 $aita 105 $ay-------001yy 200 1 $aImpianti elettrici$fFrancesco Iliceto. 205 $a2. ed. 210 $aBologna$cPatron$d1984- 215 $av.$d24 cm 463 \1$1001990000231400503321$12001 $a1. : XVII, 458 p. : ill. 610 0 $aImpianti elettrici 676 $a621.310 42 700 1$aIliceto,$bFrancesco 801 0$aIT$bUNINA$gRICA$2UNIMARC 901 $aBK 912 $a990000122660403321 959 $aFINBC 997 $aUNINA DB $aING01